000 01018nmc a2200349 a 4500
003 AR-BaBNM
005 20251128203948.0
008 065019s1986 ||||||||||||||000 | spa||
020 _a84-7509-405-8
040 _cAR-BaBNM
100 1 _aTravers, Robert M.W.
245 1 0 _aIntroducción a la investigación educacional
260 _aBarcelona
_bPaidós
_c1986
300 _a525 p.
_bil., gráfs.
490 0 _aPaidós educador
_vv. 76
504 _aBibliografía: p. 516-525
650 4 _aSOLUCION DE PROBLEMAS
650 4 _aINVESTIGACION CENTRADA EN LOS PROBLEMAS
650 4 _aTECNICAS DE ENSENANZA
650 4 _aMETODOS DE INVESTIGACION
650 4 _aTEORIAS DE LA EDUCACION
650 4 _aPLANIFICACION ESCOLAR
650 4 _aENCUESTAS
650 4 _aREDACCION DE INFORMES
650 4 _aENSENANZA POR COMPUTADORA
650 4 _aANALISIS DE DATOS
650 4 _aPROCESAMIENTO DE DATOS
650 4 _aTECNOLOGIA EDUCATIVA
653 _aINVESTIGACION EDUCATIVA
942 _cBK
998 _cEthel
999 _c5626
_d5626